000 00577nam a22001577a 4500
003 OSt
005 20151005135533.0
008 151005b xxu||||| |||| 00| 0 eng d
040 _cRUA
082 _aAMV GNI 2001 B072 Or.1
100 _92036
_a GNIM, BUNCHHOEUN.
245 _aCattle feedloting for improving meat quality for exportation, ការបំប៉នគោ​ ដើម្បីបង្កើនគុណភាពសាច់ សំរាប់ការនាំចេញ
260 _aPhnom Penh
_bRUA
_c2001
300 _avi; 58p.
_bill.
_c29cm.
942 _2ddc
_cAVM
999 _c1923
_d1923